| 000 | 00675nam a2200253Ia 4500 | ||
|---|---|---|---|
| 001 | 21673 | ||
| 005 | 20240114000609.0 | ||
| 007 | ta | ||
| 008 | 060308s1926 a g b000 u 465 u | ||
| 040 | _aCotton College,Assam | ||
| 041 | _a465 | ||
| 082 |
_a530.1 _bD 933 R |
||
| 100 | _aDurell, Clement V.. | ||
| 245 | 0 |
_aReadable Relativity: A Book for Non-Specialists / _cClement V.Durell. _hTextual Documents |
|
| 250 | _a1st ed. / | ||
| 260 |
_aLondon : _bG Bell & Sons , _c1926. |
||
| 300 |
_a146p. : _bill ; _c18cm . |
||
| 653 | _aPhysics | ||
| 653 | _aRelativity | ||
| 653 | _aG-Physics | ||
| 942 |
_2ddc _cBK |
||
| 999 |
_c21655 _d21655 |
||